Central Library OPAC University of Rajshahi

অভিনব সরকার ব্যাতিক্রমি নির্বাচন / (Record no. 35816)

MARC details
000 -LEADER
fixed length control field 01044nam a2200241 a 4500
001 - CONTROL NUMBER
control field 35816
003 - CONTROL NUMBER IDENTIFIER
rucl marc code BD-RjUL
005 - DATE AND TIME OF LATEST TRANSACTION
control field 20211209052402.0
008 - FIXED-LENGTH DATA ELEMENTS--GENERAL INFORMATION
fixed length control field 161126s2009 bg 001 0 eng d
020 ## - INTERNATIONAL STANDARD BOOK NUMBER
International Standard Book Number 9847001900433
035 ## - SYSTEM CONTROL NUMBER
System control number (BD-RjUL)35911
040 ## - CATALOGING SOURCE
Original cataloging agency MOE
Transcribing agency MOE
Modifying agency BD-RjUL
Language of cataloging ben
041 ## - LANGUAGE CODE
Language code of text/sound track or separate title ben
082 ## - DEWEY DECIMAL CLASSIFICATION NUMBER
Classification number 320.095492
Author mark and year AKA 2009
Edition number 23
100 1# - MAIN ENTRY--PERSONAL NAME
Personal name আখতার, মুহাম্মাদ ইয়াহ্ইইয়া
9 (RLIN) 167028
245 10 - TITLE STATEMENT
Title অভিনব সরকার ব্যাতিক্রমি নির্বাচন /
Statement of responsibility, etc. মুহাম্মাদ ইয়াহ্ইইয়া আখতার
260 ## - PUBLICATION, DISTRIBUTION, ETC. (IMPRINT)
Place of publication, distribution, etc. ঢাকা :
Name of publisher, distributor, etc. এ এইচ ডেভেলপমেন্ট,
Date of publication, distribution, etc. ২০০৯
300 ## - PHYSICAL DESCRIPTION
Pagination ৪৮৩ পৃ ;
Size 23 cm
504 ## - BIBLIOGRAPHY, ETC. NOTE
Bibliography, etc গ্রন্থপঞ্জী এবং ইনডেক্স সংযুক্ত
650 ## - SUBJECT ADDED ENTRY--TOPICAL TERM
Topical term or geographic name as entry element রাজনীতি ও সরকার
9 (RLIN) 167029
Topical term or geographic name as entry element Politics and government
General subdivision বাংলাদেশ
Geographic subdivision Bangladesh
9 (RLIN) 167030
942 ## - ADDED ENTRY ELEMENTS (KOHA)
Source of classification or shelving scheme Dewey Decimal Classification
Koha item type Books
Holdings
Lost status Source of classification or shelving scheme Damaged status Not for loan Collection code Permanent Location Current Location Shelving location Date acquired Source of acquisition Cost, normal purchase price Total Checkouts Full call number Date last seen Copy number Koha item type
  Dewey Decimal Classification     Non-fiction Central Library, University of Rajshahi Central Library, University of Rajshahi   10/10/2009 Rajshahi, Book pavilion 500.00   B 320.095492 AKA 2009 26/11/2016 C-2 Books